<?xml version="1.0" encoding="UTF-8"?>
<record
    xmlns:xsi="http://www.w3.org/2001/XMLSchema-instance"
    xsi:schemaLocation="http://www.loc.gov/MARC21/slim http://www.loc.gov/standards/marcxml/schema/MARC21slim.xsd"
    xmlns="http://www.loc.gov/MARC21/slim">

  <leader>00444nam a2200145   4500</leader>
  <datafield tag="999" ind1=" " ind2=" ">
    <subfield code="c">121626</subfield>
    <subfield code="d">121626</subfield>
  </datafield>
  <controlfield tag="005">20210810104230.0</controlfield>
  <controlfield tag="008">210313b           ||||| |||| 00| 0 eng d</controlfield>
  <datafield tag="040" ind1=" " ind2=" ">
    <subfield code="c">PK-LaUMT</subfield>
  </datafield>
  <datafield tag="082" ind1=" " ind2=" ">
    <subfield code="a">RHC 340.9</subfield>
    <subfield code="b">SAR-R</subfield>
  </datafield>
  <datafield tag="100" ind1=" " ind2=" ">
    <subfield code="a">Sarfaraz Syed = &#x633;&#x631; &#x641;&#x631;&#x627;&#x632; &#x633;&#x6CC;&#x62F;</subfield>
  </datafield>
  <datafield tag="245" ind1=" " ind2=" ">
    <subfield code="a">Ravi namah =  &#x631;&#x627;&#x648;&#x6CC; &#x646;&#x627;&#x645;&#x6C1; /</subfield>
    <subfield code="c">by Sarfaraz Syed = &#x633;&#x631; &#x641;&#x631;&#x627;&#x632; &#x633;&#x6CC;&#x62F;</subfield>
  </datafield>
  <datafield tag="260" ind1=" " ind2=" ">
    <subfield code="a">Lahore :</subfield>
    <subfield code="b">Qureshi Broshers Publishers,</subfield>
    <subfield code="c">2009</subfield>
  </datafield>
  <datafield tag="300" ind1=" " ind2=" ">
    <subfield code="a">286 p.</subfield>
  </datafield>
  <datafield tag="942" ind1=" " ind2=" ">
    <subfield code="c">BK</subfield>
  </datafield>
  <datafield tag="952" ind1=" " ind2=" ">
    <subfield code="0">0</subfield>
    <subfield code="1">0</subfield>
    <subfield code="4">0</subfield>
    <subfield code="7">0</subfield>
    <subfield code="a">01</subfield>
    <subfield code="b">01</subfield>
    <subfield code="d">2021-03-13</subfield>
    <subfield code="l">0</subfield>
    <subfield code="o">RHC 340.9 SAR-R</subfield>
    <subfield code="p">136742</subfield>
    <subfield code="r">2021-03-13 00:00:00</subfield>
    <subfield code="w">2021-03-13</subfield>
    <subfield code="y">BK</subfield>
  </datafield>
</record>
